| 000 | 00652nam a22001937a 4500 | ||
|---|---|---|---|
| 999 |
_c143052 _d143052 |
||
| 005 | 20230509145603.0 | ||
| 010 | _aENG-119511 | ||
| 020 |
_c250.00 _a9788184654974 |
||
| 035 | _aEN-103043 | ||
| 037 | _bDBAD/PUB | ||
| 082 | _a280.53 | ||
| 100 | _aVarghese,Thomas | ||
| 245 |
_aBy Grace to graze: _cby Thomas Varghese _ba walk through a pastor's life / |
||
| 260 |
_aDelhi _bThe Indian Society for Promoting Christian Knowlewdge(ISPCK)) _c2015 |
||
| 270 |
_a1585,1654 Madarsa Road Kashmere Gate _bDelhi _e110006 |
||
| 300 |
_axv,196p. _c24cm(pbk) |
||
| 500 | _aIncludes bibliographical references | ||
| 942 |
_2ddc _cEN _mVAR _h280.53 |
||